Welcome to CU Library Online Public Access Catalogue (OPAC)

An Introduction to Family Therapy / (Record no. 3625)

MARC details
000 -LEADER
fixed length control field 00528nam a22001697a 4500
005 - DATE AND TIME OF LATEST TRANSACTION
control field 20250208080353.0
008 - FIXED-LENGTH DATA ELEMENTS--GENERAL INFORMATION
fixed length control field 250208b |||||||| |||| 00| 0 eng d
020 ## - INTERNATIONAL STANDARD BOOK NUMBER
International Standard Book Number 9780335216048
050 ## - LIBRARY OF CONGRESS CALL NUMBER
Classification number RC488.5 DAL
100 ## - MAIN ENTRY--PERSONAL NAME
Personal name Dallos, Rudi
245 ## - TITLE STATEMENT
Title An Introduction to Family Therapy /
Remainder of title systematic theory and practice
Statement of responsibility, etc. Rudi Dallos and Ros Draper
250 ## - EDITION STATEMENT
Edition statement 2nd ed.
260 ## - PUBLICATION, DISTRIBUTION, ETC.
Place of publication, distribution, etc. Maidenhead, England
Name of publisher, distributor, etc. Open University Press
Date of publication, distribution, etc. 2005, 2007
300 ## - PHYSICAL DESCRIPTION
Extent xviii. 335p.
Dimensions 24cm
700 ## - ADDED ENTRY--PERSONAL NAME
Personal name Draper, Ros
942 ## - ADDED ENTRY ELEMENTS (KOHA)
Source of classification or shelving scheme Library of Congress Classification
Koha item type Books
Edition 2nd ed.
Suppress in OPAC No
999 ## -
-- 3625
-- 3625
Holdings
Withdrawn status Lost status Source of classification or shelving scheme Damaged status Not for loan Collection Home library Current library Shelving location Date acquired Total checkouts Full call number Barcode Date last seen Copy number Price effective from Koha item type
    Library of Congress Classification     Non-fiction Science Library (Miotso) Science Library (Miotso) General stacks 02/08/2025   RC488.5 DAL SLM00003127 02/08/2025 1 02/08/2025 Books
    Library of Congress Classification     Non-fiction Science Library (Miotso) Science Library (Miotso) General stacks 02/08/2025   RC488.5 DAL SLM00003128 02/08/2025 2 02/08/2025 Books
    Library of Congress Classification     Non-fiction Science Library (Miotso) Science Library (Miotso) General stacks 02/08/2025   RC488.5 DAL SLM00003129 02/08/2025 3 02/08/2025 Books
    Library of Congress Classification     Non-fiction Science Library (Miotso) Science Library (Miotso) General stacks 02/08/2025   RC488.5 DAL SLM00003130 02/08/2025 4 02/08/2025 Books
    Library of Congress Classification     Non-fiction Science Library (Miotso) Science Library (Miotso) General stacks 02/08/2025   RC488.5 DAL SLM00003131 02/08/2025 5 02/08/2025 Books
© 2023-2024 Copyright: Central University Libraries. All Rights Reserved | Created by: Mahone Tech Office